00531nam a2200145 i 450000100060000000300090000600500170001500700030003200800410003511100970007624500950017326000540026830000310032285200320035346709ES-MaACL20230906161431.0t|030331s1972 bl ||||1| eng d2 aCongress International Society of Aesthetic Plastic Surgery (n1st.d1972. cRio de Janeiro)10aFirst Congress International Society of Aesthetic Plastic Surgeryb: Rio de Janeiro, 1972. aRio de Janeiro : bPub. controladas F.M., c1972. aVIII, 60, XX p. ; c24 cm. aES-MaACLjC-40982 bR.80320